LIBRARY & INFORMATION CENTRE, KCAET, TAVANUR

ONLINE PUBLIC ACCESS CATALOGUE (OPAC)

Development and evaluation of processing equipment / (Record no. 10087)

MARC details
000 -LEADER
fixed length control field 00413cam a2200145ua 4500
041 ## - LANGUAGE CODE
Language code of text/sound track or separate title eng
082 ## - DEWEY DECIMAL CLASSIFICATION NUMBER
Classification number 631.3
Item number ALA/DE
100 ## - MAIN ENTRY--AUTHOR NAME
Personal name Alan, A .
245 ## - TITLE STATEMENT
Title Development and evaluation of processing equipment /
260 ## - PUBLICATION, DISTRIBUTION, ETC. (IMPRINT)
Place of publication Bhopal :
Name of publisher Central Institute of Agricultural Engineering ,
Year of publication 1980.
300 ## - PHYSICAL DESCRIPTION
Number of Pages 68 ; .
500 ## - GENERAL NOTE
General note Reference **
942 ## - ADDED ENTRY ELEMENTS (KOHA)
Koha item type Books
Holdings
Withdrawn status Lost status Damaged status Home library Current library Date acquired Full call number Accession Number Koha item type
      KAUAET KAUAET 07/04/2012 631.3 16701 Reference
free website counter